Historia de la iglesia: la iglesia contemporánea
Gespeichert in:
| 1. Verfasser: | |
|---|---|
| Format: | Buch |
| Sprache: | Spanisch |
| Veröffentlicht: |
Madrid, España
Palabra
1999
|
| Schriftenreihe: | Colección Pelícano,
3 |
| Schlagworte: | |
| Tags: |
Tag hinzufügen
Keine Tags, Fügen Sie den ersten Tag hinzu!
|
MARC
| LEADER | 00000cam a2200000 a 4500 | ||
|---|---|---|---|
| 001 | UCL1540 | ||
| 003 | CL-VaPUC | ||
| 005 | 20230801085057.0 | ||
| 008 | 030911e19990000SP |||||||||||||||||spa|d | ||
| 999 | |c 305076 |d 305074 | ||
| 020 | |a 8482393839 | ||
| 040 | |c Pontificia Universidad Católica de Valparaíso | ||
| 082 | 0 | 4 | |a 270 CAR 1999 |2 21 |
| 100 | |a Cárcel Ortí, Vicente |e autor |9 478428 | ||
| 245 | 1 | 0 | |a Historia de la iglesia: |b la iglesia contemporánea |
| 260 | |a Madrid, España |b Palabra |c 1999 | ||
| 300 | |a 733 páginas | ||
| 490 | 0 | |a Colección Pelícano, |v 3 | |
| 583 | |a last modification |c 20180615 10:50:49 |k Rodrigo Vera | ||
| 650 | 0 | |a Historia |9 255047 | |
| 650 | 0 | |a Cristianismo |9 257361 | |
| 650 | 0 | |a Filosofía de la religión |9 256017 | |
| 650 | 7 | |a IGLESIA Y SOCIEDAD |2 CL-VaPUC |9 399674 | |
| 942 | |c BK |2 ddc | ||
| 945 | |d 20030911 00:00:00 |a cmena | ||
| 952 | |0 0 |1 0 |2 ddc |4 0 |6 270_000000000000000_CAR_1999 |7 0 |8 A |9 368033 |a BIBTEO |b BIBTEO |d 2019-11-21 |i 3938220 |o 270 CAR 1999 |p 3938220 |r 2025-01-17 |t 2 |w 2019-11-21 |y BK |k ICR | ||
| 952 | |0 0 |1 0 |2 ddc |3 erb |4 0 |6 270_000000000000000_CAR_1999 |7 0 |8 DER_HDC |9 368034 |a BIBDER |b BIBDER |i 5475260 |l 1 |o 270 CAR 1999 |p 5475260 |r 2023-01-25 |s 2020-03-19 |t 1 |w 2019-11-21 |x Ubicación 4to Piso |y BK |z Estos recursos deben solicitarse con anticipación |k DER | ||